| 000 | 00434nam a22001697a 4500 | ||
|---|---|---|---|
| 003 | NUST - PNEC | ||
| 005 | 20170116180846.0 | ||
| 008 | 150824b xxu||||| |||| 00| 0 eng d | ||
| 020 | _a8173196893 | ||
| 040 | _cLIBRARY | ||
| 082 | _a620 RAM | ||
| 100 |
_95473 _aRamakrishnan,C V |
||
| 245 |
_aCurrent trends in engineering practice _cC V,Ramakrishnan |
||
| 260 | _cc 2006 | ||
| 650 |
_95474 _aEngineering _xEE/EL |
||
| 942 |
_2ddc _cBK |
||
| 999 |
_c64475 _d64475 |
||